00790nam a2200217 a 450000100100000000500170001000800410002704000250006808200210009310000480011424501070016225000120026926000340028130000280031550400330034365000270037665000220040365000350042565000330046071000790049300004377420260420170825.0130410s2004 dr a r 001 0 spa d aDO-SdBNPbspacBNPHU a301bM385n, 20041 aMartínez Almanzar, Juan Franciscod1950 -10aNociones de sociología :bintrodución a la ciencia sociales /cJuan Francisco Martínez Almanzar. a8ª ed. aSanto Domingo :bCAIS,c2004. a435 p. :bil. ;c21 cm. aBibliografía : p. 433-435. 4aSociologíaxManuales 0aCiencias sociales 4aInvestigacionesxMetodología 0aJurisprudencia sociológica12aCentro de Adiestramiento e Investigación Social (República Dominicana)